Quizzes
Events
Quiz Creation
Community
Videos
Private Events
Remove Ads
Sign In
Join for FREE
Feedback
Dark Mode
Quiz Categories
Sports
Geography
Music
Movies
Television
Just For Fun
Miscellaneous
History
Literature
Language
Science
Gaming
Entertainment
Religion
Holiday
For Kids
Quiz Lab
Recent
Popular Today
Quiz Kudos Today
Editor Picks
Curator Picks
Quizzes by...
Day
Popularity
Type
Ratings
Length
Year
Community
Subscriptions
Recent Discussions
Orange Saloon
Badges
Playlists
Quests
Create
Leaderboards
Showdown
Live 5
Trivia Bingo
Activity
Puzzle Library
Sporcle Events
Private Events
Virtual Trivia
Globe League
Become a Host
Pub Owners
SporcleCon
Opinionation
Our Games
Videos
Blog
Mobile Apps
Partnerships
Remove Ads and Go Orange
Feedback
Television
TV Characters
TV Show
Sitcom
Network
Friends
Reality Shows
Cast
South Park
Star Trek
The Simpsons
Doctor Who
Television
TV Characters
TV Show
Sitcom
Network
Friends
Reality Shows
Cast
South Park
Star Trek
The Simpsons
Doctor Who
Random Quiz
Search Sporcle
×
Quiz Lab
Quiz Lab
Television
Show
Type in answers that appear in a list
Type in answers that appear in a list
Classic
Best Score? Go Orange.
Sitcoms Over 200 Episodes (1980-Present) Stats
Can you name the half hour sitcoms that debuted after 1980 that aired at least 200 episodes?
By
tripp1313
3m
16 Questions
692 Plays
692 Plays
692 Plays
Comments
Comments
Give Quiz Kudos
Give Quiz Kudos
-
- Ratings
hide this ad
Replay
Link that replays current quiz
Next Quiz
Link to next quiz in quiz playlist
You Got
0%
They Got
Avg Score
43%
Avg Friend Score
Upgrade to see
Score Distribution
Jump to the score distribution portion of the page
Score
0/16
Timer
03:00
0
Plays Today
years aired
show
% Correct
1989-
present
The Simpsons
91%
1994-
2004
Friends
88%
1982-
1993
Cheers
84.1%
1993-
2004
Frasier
69.4%
1996-
2005
Everybody Loves Raymond
54.6%
1997-
present
South Park
47.7%
1988-
1997
Roseanne
39.6%
1991-
1999
Home Improvement
35.1%
years aired
show
% Correct
1987-
1997
Married With Children
31.8%
1998-
2007
The King of Queens
30.8%
1989-
1998
Family Matters
29%
1997-
2009
King of the Hill
27.3%
1988-
1998
Murphy Brown
21%
1998-
2006
That 70's Show
18.2%
1989-
1997
Coach
12.9%
1995-
2004
The Drew Carey Show
9.2%
Quiz Playlist
Details
Report
Send in Message
Add To Playlist
Classic:
Type in answers that appear in a list
Quiz Source
Last Updated: Feb 16, 2017
Quiz Scoreboard
CHALLENGE
Sign Up to Join the Scoreboard
Show All
Scores
Hide
Comments
May contain spoilers
Recently Published
Alphabetical 'K' Countries by Flag Minefield
by ylime102
Geography
3m
Pick 6: Fruits
by JohnFran
Miscellaneous
15s
Click the 1999 NBA Draft
by nibperrychub
Sports
2m
More to Explore
Quiz From the Vault
Featured Blog Post
15 Basketball Trivia Facts You Can Be March Mad About
hide this ad
You Might Also Like...
Tags
Show Quiz
1980
200
Aired
Debuted
episode
half
hour
least
Today's Top Quizzes in Television
Browse Television
hide this ad
Today's Top Quizzes in Show
Browse Show
Top Contributed Quizzes in Television
1
Hidden Simpsons Character
2
First Name TV: Leading Men
3
Hidden Simpsons Character II
4
Hidden Simpsons Character III
5
First Name TV: Leading Women Drama
6
Hidden Simpsons Character IV
7
Hidden Simpsons Character V
8
Hidden Simpsons Character VI
9
Hidden Simpsons Character VII
10
Pick A Pair: Religious TV
Explore More
Trending Topics
Kpop
NBA
Harry Potter
Disney
Marvel
Anime
Crossword
Puzzle
Song
WWE
Country
NFL
Soccer
The Office
Pokémon
hide this ad
More By:
tripp1313
Quiz
Plays
Rating
Category
Featured
Created
Short Lived TV Shows
37,557
4.20
Television
Apr 17, 2012
WWE Millionaire
21,260
3.52
Sports
Nov 24, 2011
WWE Millionaire 2-Royal Rumble Edition
14,912
3.05
Sports
Dec 4, 2011
Gilmore Girls-Top Characters
6,540
4.44
Television
Aug 27, 2012
WWE/World Heavyweight Champions
983
4.67
Sports
Jun 1, 2011
Go to Creator's Profile
Score Distribution
Quiz Creator Spotlight
tripp1313
Follow
Send a Message
Quizzes Created
-
Created Quiz Play Count
-
More By This Creator
Popular Quizzes Today
1
Find the US States - No Outlines Minefield
2
Pick 6: Fruits
3
Countries of Asia Without Outlines Minefield
4
Alphabetical 'K' Countries by Flag Minefield
5
Match the Book to the Film X
6
The Countries of the World
7
NBA Logic Puzzle
8
Click the 1999 NBA Draft
More Television Quizzes
Cryptogram: Doctor Who
Curator's Pick
Trending Quizzes
First Name TV: Leading Men
Match the Book to the Film II
First Name TV: Leading Women Drama
Match the Book to the Film VI
Pick A Pair: Religious TV
Recently Updated
Women's Final Four Teams by Year
bhenderson79
Presidents Quartet II
eogle
Anything But Clue(do)
eogle
Anything But Oceanian Capitals
eogle
Anything But 7
eogle
Anything But Thing
eogle
Word Ladder: February 29
pecheneg
Song Title Questions
pecheneg
Women's NCAA Tournament #1 Seeds
pecheneg
Celebrity Mug Shots
pecheneg
Trending Topics
Crossword
Disney
Harry Potter
Anime
Marvel
Kpop
NBA
Pokémon
Puzzle
Soccer
WWE
Song
Country
The Office
NFL
Your Account Isn't Verified!
In order to create a playlist on Sporcle, you need to verify the email address you used during registration. Go to your
Sporcle Settings
to finish the process.
Report this User
Report this user for behavior that violates our
Community Guidelines
.
Details:
Send Report
Go to the Sporcle.com Mobile Site →
Comments